Harry Potter Characters by Screen Time - Statistics

General Stats
  • This quiz has been taken 148,448 times
  • The average score is 17 of 25
Answer Stats
Minutes Character % Correct
539:15 Harry Potter
100%
205:00 Hermione Granger
99%
211:45 Ron Weasley
99%
77:15 Albus Dumbledore
97%
43:15 Severus Snape
93%
37:15 Lord Voldemort
90%
31:30 Draco Malfoy
87%
45:45 Rubeus Hagrid
84%
30:15 Ginny Weasley
80%
20:45 Sirius Black
80%
19:30 Fred Weasley
79%
20:00 George Weasley
78%
28:45 Minerva McGonagall
78%
28:15 Neville Longbottom
74%
26:00 Remus Lupin
69%
17:15 Luna Lovegood
66%
10:30 Bellatrix Lestrange
60%
15:15 Lucius Malfoy
60%
11:15 Dobby
53%
15:45 Arthur Weasley
46%
16:00 Dolores Umbridge
43%
11:00 Vernon Dursley
36%
10:30 Gilderoy Lockhart
24%
18:45 Horace Slughorn
20%
16:15 Barty Crouch Jr
16%
No matching quizzes found
Score Distribution
Percent of People with Each Score
Percentile by Number Answered
Your Score History
You have not taken this quiz